| 000 | 00421nam a2200157Ia 4500 | ||
|---|---|---|---|
| 008 | 190516s9999 xx 000 0 und d | ||
| 100 | _aBeltran, Grace | ||
| 245 | _aItching in the elderly could be a symptom of disease/ | ||
| 245 | _cGrace Beltran | ||
| 260 | _bThe Philippine Star | ||
| 260 | _c2016 | ||
| 300 | _aJune 7 | ||
| 440 | _aThe Philippine Star | ||
| 650 | _adiseases -- complication | ||
| 650 | _ahealth | ||
| 999 |
_c361877 _d361877 |
||